|
|
|
|
| LEADER |
00981nab a2200265 i 4500 |
| 001 |
publ33414 |
| 005 |
20250523104722.0 |
| 008 |
250523s1986 hu o 000 eng d |
| 022 |
|
|
|a 0022-2623; 1520-4804
|
| 024 |
7 |
|
|a 10.1021/jm00161a037
|2 doi
|
| 024 |
7 |
|
|a 1353969
|2 mtmt
|
| 040 |
|
|
|a SZTE Publicatio Repozitórium
|b hun
|
| 041 |
|
|
|a eng
|
| 100 |
1 |
|
|a Pelton John T.
|
| 245 |
1 |
0 |
|a Design and synthesis of conformationally constrained somatostatin analogs with high potency and specificity for mu opioid receptors.
|h [elektronikus dokumentum] /
|c Pelton John T.
|
| 260 |
|
|
|c 1986
|
| 300 |
|
|
|a 2370-2375
|
| 490 |
0 |
|
|a JOURNAL OF MEDICINAL CHEMISTRY
|v 29 No. 11
|
| 650 |
|
4 |
|a Biológiai tudományok
|
| 650 |
|
4 |
|a Általános orvostudomány
|
| 700 |
0 |
1 |
|a Kazmierski Wieslaw
|e aut
|
| 700 |
0 |
1 |
|a Gulya Károly
|e aut
|
| 700 |
0 |
1 |
|a Yamamura Henry I.
|e aut
|
| 700 |
0 |
1 |
|a Hruby Victor J.
|e aut
|
| 856 |
4 |
0 |
|u http://publicatio.bibl.u-szeged.hu/33414/3/aok_klny_891_86%282%29.pdf
|z Dokumentum-elérés
|